MARC

LEADER 00000nas a2200000 a 4500
001 ssj0036292
003 WaSeSS
005 20200512172242.0
006 m d
007 cr n
008 040324d20042017kyumr p s 0 a0eng c
010 |a  2004252372 
016 7 |a 012417358  |2 Uk 
022 |l 1940-1345  |y 1940-1345 
035 |a (WaSeSS)ssj0036292 
037 |b ALM Media, LLC, 4157 Olympic Blvd., Suite 225, Erlanger, KY 41018-3164 
040 |a MUU  |b eng  |c MUU  |d WAU  |d DLC  |d OCLCA  |d TJC  |d OCLCQ  |d UKMGB  |d OCLCQ  |d OCLCF  |d DLC  |d GILDS  |d RDF  |d VT2  |d OCLCO  |d TEU  |d OCLCO  |d WaSeSS 
042 |a pcc  |a nsdp 
050 0 0 |a HG8751  |b .N3 
082 1 0 |a 368  |2 14 
222 0 |a National underwriter. Life & health 
245 0 0 |a National underwriter.  |p Life & health  |h [electronic resource]. 
246 1 3 |a L & H 
246 3 |a National underwriter.  |p Life and health 
246 3 0 |a Life & health 
246 3 0 |a Life and health 
246 1 |a NU.  |p Life & health  |f <July 2015-> 
246 1 |a NU.  |p Life and health 
260 |a Erlanger, KY :  |b National Underwriter Co.,  |c 2004- 
260 3 |3 <July 2015->:  |a Erlanger, KY :  |b ALM Media, LLC 
310 |a Monthly,  |b <July 2015-> 
321 |a Weekly (except the 3rd week of Jan., the 2nd week of July, and the last week of Aug. and Dec.) 
321 |a 24 issues yearly,  |b <Feb. 16, 2009-> 
362 1 |a Began with vol. 108, no. 8 (Mar. 1, 2004); ceased with March 2017. 
500 |a Title from caption. 
506 |a License restrictions may limit access. 
525 |a Some issues accompanied by supplement. 
588 |a Latest issue consulted: Volume 119, no. 9 (September 2015). 
650 0 |a Life insurance  |v Periodicals. 
650 0 |a Health insurance  |v Periodicals. 
650 0 |a Employee fringe benefits  |v Periodicals. 
650 7 |a Employee fringe benefits.  |2 fast  |0 (OCoLC)fst00908971 
650 7 |a Health insurance.  |2 fast  |0 (OCoLC)fst01715839 
650 7 |a Life insurance.  |2 fast  |0 (OCoLC)fst01715858 
655 0 |a Electronic journals. 
710 2 |a National Underwriter Company. 
780 0 0 |t National underwriter (Life, health/financial services ed.)  |x 0893-8202  |w (DLC) 90641520  |w (OCoLC)15037753 
850 |a DLC 
853 2 0 |8 1  |a v.  |b no.  |u 24  |v r  |i (year)  |j (month)  |k (day)  |w 24 
856 4 0 |z Full text available from Research Library: 03/01/2004 to 03/31/2017  |u https://search.proquest.com/publication/44701 
863 4 1 |8 1.1  |a <113>  |b <4>  |i <2009>  |j <02>  |k <16>